| 000 | 00517nam a2200193 a 4500 | ||
|---|---|---|---|
| 005 | 20210223131758.0 | ||
| 008 | 120628s2007 mx r 000 0 spa d | ||
| 020 | _a9789992290842 | ||
| 035 | _aUPN01000185598 | ||
| 049 | _aCG | ||
| 050 | 4 |
_aPQ7499.2 M4.6 _bLL8.8 |
|
| 100 | 1 |
_aMéndez Vides, _d1956- _932575 |
|
| 245 | 1 | 3 |
_aLa lluvia / _cMéndez Vides. |
| 260 |
_aBogotá : _bNorma, _c2007. |
||
| 300 | _a183 p. | ||
| 440 | 3 | _aLa otra orilla | |
| 651 | 4 |
_aGUATEMALA - _xHISTORIA - _vNOVELA _921146 |
|
| 905 | _aLibro | ||
| 999 |
_c157701 _d157701 |
||